| 000 | 00656nam a22002057a 4500 | ||
|---|---|---|---|
| 003 | OSt | ||
| 005 | 20210420064125.0 | ||
| 008 | 201127s1983 ||||| |||| 00| 0 eng d | ||
| 020 | _a0917054180 | ||
| 040 |
_aeng _beng _cDLC |
||
| 041 | _aeng | ||
| 080 |
_a614 _bW-17 |
||
| 100 |
_9414 _aWakefield, Stuart Jay _eEditor |
||
| 245 |
_aManaging Medicine _c/ by: Medical Communications and Services Associations |
||
| 260 |
_aKirkland _bMedical Communications and Services Associations _c1983 |
||
| 300 | _a136 p. addition 116 p. | ||
| 650 | 0 |
_9337 _aPublic Health |
|
| 653 | _aსაზოგადოებრივი ჯანდაცვა | ||
| 942 |
_2udc _cBK |
||
| 999 |
_c491 _d491 |
||